[Event "Pavlodar op"]
[Site "Pavlodar"]
[Date "2017.11.23"]
[Round "3"]
[White "Margadgua, Erdenebayar"]
[Black "Sivirin, Viktor"]
[Result "1/2-1/2"]
[WhiteElo "1446"]
[BlackElo "2014"]
[PlyCount "54"]
[EventDate "2017.11.21"]
[EventType "swiss"]
[EventRounds "9"]
[EventCountry "KAZ"]
[SourceTitle "EXT 2019"]
[Source "ChessBase"]
[SourceDate "2018.10.10"]
[SourceVersion "1"]
[SourceVersionDate "2018.10.10"]
[SourceQuality "1"]

1. e4 d5 2. exd5 Nf6 3. Nc3 Nxd5 4. Bc4 Nb6 5. Bb3 g6 6. Qf3 e6 7. d3 Bg7 8. Bf4 0-0 9. Nge2 a5 10. a4 Nc6 11. 0-0 Bd7 12. Rad1 e5 13. Be3 Nd4 14. Bxd4 exd4 15. Nb5 Bc6 16. Qf4 Bxb5 17. axb5 a4 18. Bc4 Nd5 19. Qe4 Re8 20. Qxd5 Qxd5 21. Bxd5 Rxe2 22. Rc1 Ra5 23. Bc4 c6 24. bxc6 bxc6 25. Rfe1 Rxe1+ 26. Rxe1 Kf8 27. Kf1 Ra8 1/2-1/2

[Event "Pavlodar op"]
[Site "Pavlodar"]
[Date "2015.12.13"]
[Round "7"]
[White "Khanin, Semen"]
[Black "Sivirin, Viktor"]
[Result "1-0"]
[WhiteElo "2377"]
[BlackElo "2021"]
[PlyCount "35"]
[EventDate "2015.12.07"]
[EventType "swiss"]
[EventRounds "10"]
[EventCountry "KAZ"]
[SourceTitle "EXT 2017"]
[Source "ChessBase"]
[SourceDate "2016.10.25"]
[SourceVersion "1"]
[SourceVersionDate "2016.10.25"]
[SourceQuality "1"]

1. e4 d5 2. exd5 Qxd5 3. Nc3 Qd6 4. d4 Nf6 5. Nf3 a6 6. g3 Bg4 7. Bg2 Nbd7 8. 0-0 e6 9. h3 Bxf3 10. Bxf3 Qe7 11. Re1 Rd8 12. Qe2 Nb6 13. Ne4 Rxd4 14. Nxf6+ gxf6 15. Bh5 Kd8 16. Qf3 Kc8 17. b3 Rg8 18. Bb2 1-0

[Event "Pavlodar op"]
[Site "Pavlodar"]
[Date "2013.12.18"]
[Round "9"]
[White "Kabirayev, Serikbay"]
[Black "Sivirin, Viktor"]
[Result "1-0"]
[WhiteElo "1773"]
[BlackElo "2049"]
[PlyCount "49"]
[EventDate "2013.12.10"]
[EventType "swiss"]
[EventRounds "10"]
[EventCountry "KAZ"]
[SourceTitle "CBM 158 Extra"]
[Source "ChessBase"]
[SourceDate "2014.02.28"]
[SourceVersion "1"]
[SourceVersionDate "2014.02.28"]
[SourceQuality "1"]

1. Nf3 f5 2. c4 Nf6 3. Nc3 g6 4. d4 Bg7 5. Bf4 d6 6. e3 0-0 7. Bd3 Qe8 8. d5 c5 9. Qc2 e5 10. dxe6 Qxe6 11. Nb5 Ne8 12. h4 Nc6 13. a3 a6 14. Nc3 Nf6 15. Nd5 Rb8 16. Nxf6+ Qxf6 17. Rb1 h6 18. b4 Ne5 19. bxc5 Nxf3+ 20. gxf3 Rd8 21. Bxd6 Rxd6 22. cxd6 Qxd6 23. c5 Qc6 24. Ke2 Be6 25. Rb6 1-0

[Event "Pavlodar op"]
[Site "Pavlodar"]
[Date "2013.12.15"]
[Round "6"]
[White "Sivirin, Viktor"]
[Black "Sorokin, Aleksey"]
[Result "0-1"]
[WhiteElo "2049"]
[BlackElo "2179"]
[PlyCount "61"]
[EventDate "2013.12.10"]
[EventType "swiss"]
[EventRounds "10"]
[EventCountry "KAZ"]
[SourceTitle "CBM 158 Extra"]
[Source "ChessBase"]
[SourceDate "2014.02.28"]
[SourceVersion "1"]
[SourceVersionDate "2014.02.28"]
[SourceQuality "1"]

1. Nf3 Nf6 2. g3 d5 3. Bg2 Nbd7 4. d4 e6 5. 0-0 Be7 6. Ne5 0-0 7. f4 c5 8. c3 Qc7 9. Kh1 b6 10. Be3 Bb7 11. Nd2 Rac8 12. Bg1 cxd4 13. cxd4 Qc2 14. Rb1 Ba6 15. Bf3 Qxd1 16. Rfxd1 Rc2 17. e4 Bb4 18. Nxd7 Nxd7 19. Nf1 dxe4 20. Bxe4 Rc7 21. Ne3 Nf6 22. Bf3 Rd8 23. a3 Be7 24. f5 Rcd7 25. fxe6 fxe6 26. Nc2 Nd5 27. Re1 Rf8 28. Kg2 Bb7 29. Rbd1 Rc7 30. Na1 Bg5 31. h4 0-1

[Event "Pavlodar op"]
[Site "Pavlodar"]
[Date "2013.12.12"]
[Round "4"]
[White "Sivirin, Viktor"]
[Black "Yakimov, S Yu"]
[Result "0-1"]
[WhiteElo "2049"]
[BlackElo "2131"]
[PlyCount "76"]
[EventDate "2013.12.10"]
[EventType "swiss"]
[EventRounds "10"]
[EventCountry "KAZ"]
[SourceTitle "CBM 158 Extra"]
[Source "ChessBase"]
[SourceDate "2014.02.28"]
[SourceVersion "1"]
[SourceVersionDate "2014.02.28"]
[SourceQuality "1"]

1. d4 d5 2. Nf3 Nf6 3. Bg5 Ne4 4. Bf4 c5 5. e3 Nc6 6. Nbd2 Nxd2 7. Qxd2 cxd4 8. exd4 Qb6 9. c3 Bf5 10. Be2 e6 11. 0-0 Be7 12. Rfe1 0-0 13. b4 Rfc8 14. a4 Qd8 15. h3 Bg6 16. g4 Bd6 17. Bg5 Qd7 18. Bb5 a6 19. Bd3 Ne7 20. Bxe7 Qxe7 21. Bxg6 hxg6 22. Ne5 Qc7 23. Rac1 a5 24. b5 Bxe5 25. dxe5 Qc4 26. Qd4 Rc5 27. Qe3 Rac8 28. Qg5 Qxa4 29. Qe7 R5c7 30. Qd6 Qxb5 31. c4 dxc4 32. Rb1 Qd5 33. Red1 Qxd6 34. exd6 Rd7 35. Rb5 c3 36. Rxa5 c2 37. Rc1 Rxd6 38. Raa1 b5 0-1

[Event "Pavlodar op"]
[Site "Pavlodar"]
[Date "2013.12.10"]
[Round "1"]
[White "Zubarev, Alexander2"]
[Black "Sivirin, Viktor"]
[Result "1-0"]
[WhiteElo "2546"]
[BlackElo "2049"]
[PlyCount "71"]
[EventDate "2013.12.10"]
[EventType "swiss"]
[EventRounds "10"]
[EventCountry "KAZ"]
[SourceTitle "CBM 158 Extra"]
[Source "ChessBase"]
[SourceDate "2014.02.28"]
[SourceVersion "1"]
[SourceVersionDate "2014.02.28"]
[SourceQuality "1"]

1. e4 d5 2. exd5 Qxd5 3. Nc3 Qd6 4. d4 Nf6 5. Nf3 Bg4 6. h3 Bxf3 7. Qxf3 c6 8. Be3 e6 9. 0-0-0 Be7 10. g4 h6 11. h4 Nbd7 12. Bf4 Qb4 13. g5 Nd5 14. Nxd5 cxd5 15. g6 f5 16. Qe3 Nf8 17. h5 Rc8 18. Bd3 a6 19. Rhe1 Rc6 20. a3 Qb3 21. Kb1 Qb6 22. Bxf5 Qd8 23. Bg4 Bg5 24. Bxg5 hxg5 25. Qf3 Qe7 26. Re2 Qc7 27. Qxd5 Rxc2 28. Rxc2 Qxc2+ 29. Kxc2 exd5 30. Re1+ Kd8 31. Re5 Kc7 32. Re7+ Kc6 33. Rxg7 b5 34. Rf7 Rg8 35. g7 Nh7 36. Bf5 1-0